000 00358 a2200169 4500
001 184487
020 _a978-85-16-06594-2
040 _cMagnum
100 _aBandeira, Pedro
240 1 0 _aO medo e a ternura
_lpor
245 1 0 _aO medo e a ternura
300 _a95
362 0 _a2010
440 1 _aModerna
697 _aLITERATURA JUVENIL
942 _cBK
999 _c184487
_d184487